000 00771nam a2200181 i 4500
001 103204
003 ES-MaACL
005 20250805063253.0
007 t|
008 060126s1884 fr ||||1| fre d
100 1 _aDelgado, Joaquim Filipe Nery,
_d1835-1908
_943410
245 1 0 _aNote sur les échantillons de bilobites envoyés a l'Exposition Géographique de Toulouse /
_cpar M. J. Nery Delgado.
260 _aToulouse :
_b[s.n.],
_c1884 (
_fTyp. Durand)
300 _a8 p., [2] h. de lám. ;
_c22 cm.
650 4 _aPaleontología-
_zPortugal.
_9167307
852 _aES-MaACL
_jB-7964(9)
_z- Encuadernado con otras obras
_z.- Dedicatoria manuscrita del autor a Federico de Botella y Hornos
_z.- Legado Federico de Botella y Hornos
999 _c103204
_d103204